Roma e l'età carolingia : atti delle Giornate di studio, 3-8 maggio 1976 /
| Corporate Author: | |
|---|---|
| Format: | Book |
| Language: | Italian French German |
| Published: |
Roma :
Multigrafica editrice,
1976.
|
| Edition: | 1. ed. |
| Subjects: |
MARC
| Tag | First Indicator | Second Indicator | Subfields |
|---|---|---|---|
| LEADER | 00000cam a2200000 i 4500 | ||
| 001 | in00002004321 | ||
| 005 | 20151031130406.0 | ||
| 008 | 770707s1976 it a b 100 0 ita | ||
| 010 | |a 77465915 | ||
| 015 | |a It77-Mar | ||
| 035 | |a (OCoLC)ocm02946705 | ||
| 040 | |a DLC |c DLC |d OCL |d TXA |d UtOrBLW | ||
| 041 | 0 | |a ita |a fre |a ger | |
| 043 | |a e-it--- | ||
| 049 | |a TXAM | ||
| 050 | 0 | 0 | |a N6920 |b .R57 |
| 082 | 0 | 0 | |a 709/.45 |
| 090 | |a N6920 |b .R57 1976 | ||
| 245 | 0 | 0 | |a Roma e l'età carolingia : |b atti delle Giornate di studio, 3-8 maggio 1976 / |c a cura dello Istituto di storia dell'arte dell'Università di Roma. |
| 250 | |a 1. ed. | ||
| 264 | 1 | |a Roma : |b Multigrafica editrice, |c 1976. | |
| 300 | |a 398, 144 pages : |b illustrations ; |c 30 cm. | ||
| 336 | |a text |b txt |2 rdacontent | ||
| 337 | |a unmediated |b n |2 rdamedia | ||
| 338 | |a volume |b nc |2 rdacarrier | ||
| 500 | |a At head of title: Istituto nazionale di archeologia e storia dell'arte. | ||
| 500 | |a French, German or Italian. | ||
| 504 | |a Includes bibliographical references. | ||
| 650 | 0 | |a Art, Carolingian |z Italy |z Rome |v Congresses. | |
| 650 | 0 | |a Art, Medieval |z Italy |z Rome |v Congresses. | |
| 650 | 0 | |a Art, Italian |z Italy |z Rome |v Congresses. | |
| 651 | 0 | |a Rome (Italy) |x Antiquities |v Congresses. | |
| 710 | 2 | |a Istituto nazionale di archeologia e storia dell'arte (Italy) | |
| 948 | |a cataloged |b h |c 2005/7/7 |d c |e jgreene |f 1:19:19 pm | ||
| 994 | |a C0 |b TXA | ||
| 999 | |a MARS | ||
| 999 | f | f | |s 589c84a5-6cc4-3b31-906e-9e556ab6ac39 |i c8dff467-3314-348c-8aaf-eec557769edf |t 0 |
| 952 | f | f | |p normal |a Texas A&M University |b College Station |c Sterling C. Evans Library |d Evans: Library Stacks |t 0 |e N6920 .R57 1976 |h Library of Congress classification |i unmediated -- volume |m A14833149644 |
| 998 | f | f | |a N6920 .R57 1976 |t 0 |l Evans: Library Stacks |